000
00269nam a2200121Ia 4500
008
191201s2013 xx 000 0 und d
100
_a
KHAN,MY
245
0
_a
Financial Services
260
_a
N. delhi
_b
TMH
_c
2013
300
_a
MISC
650
_a
BBA
942
_2
ddc
_c
BK
_0
6
999
_c
5720
_d
5720